Hoá học dầu mỏ và khí : Giáo trình cho sinh viên trường Đại học Bách khoa và các trường khác

Uloženo v:
Podrobná bibliografie
Hlavní autor: Đinh, Thị Ngọ
Médium: Kniha
Jazyk:Undetermined
Vydáno: Hà Nội Khoa học và Kỹ thuật 2004
Témata:
Tagy: Přidat tag
Žádné tagy, Buďte první, kdo otaguje tento záznam!
Thư viện lưu trữ: Trung tâm Học liệu Trường Đại học Cần Thơ
LEADER 00649nam a2200205Ia 4500
001 CTU_74737
008 210402s9999 xx 000 0 und d
020 |c 27000 
082 |a 547.83 
082 |b Ng400 
100 |a Đinh, Thị Ngọ 
245 0 |a Hoá học dầu mỏ và khí : 
245 0 |b Giáo trình cho sinh viên trường Đại học Bách khoa và các trường khác 
245 0 |c Đinh Thị Ngọ 
260 |a Hà Nội 
260 |b Khoa học và Kỹ thuật 
260 |c 2004 
650 |a Petroleum chemicals 
904 |i Tuyến 
980 |a Trung tâm Học liệu Trường Đại học Cần Thơ